[Event "SRB-ch sf"]
[Site "Kragujevac"]
[Date "2019.03.10"]
[Round "4"]
[White "Zivanovic, Nenad"]
[Black "Kandjolas, Konstantin"]
[Result "1-0"]
[WhiteElo "2076"]
[BlackElo "1841"]
[PlyCount "123"]
[EventDate "2019.03.08"]
[EventType "swiss"]
[EventRounds "9"]
[EventCountry "SRB"]
[SourceTitle "CBM 189 Extra"]
[Source "ChessBase"]
[SourceDate "2019.06.03"]
[SourceVersion "1"]
[SourceVersionDate "2019.06.03"]
[SourceQuality "1"]

1. e4 c5 2. Nc3 e6 3. g3 Nc6 4. Bg2 Nf6 5. f4 d5 6. e5 Ng8 7. d3 Nh6 8. Nf3 Nf5 9. Ne2 Be7 10. c3 h5 11. h3 Bd7 12. 0-0 Qb6 13. Qc2 Rc8 14. Bd2 d4 15. c4 Nb4 16. Qb1 a5 17. b3 Ra8 18. Re1 Bc6 19. a3 Na6 20. Ra2 Kd7 21. Kf2 Ra7 22. Rb2 g6 23. Qc2 Rh7 24. Rbb1 Rh8 25. Rh1 Raa8 26. Qd1 Nc7 27. Qf1 Qa7 28. Nh2 Bxg2 29. Qxg2 b5 30. Qe4 Qa6 31. Nf3 Qc6 32. cxb5 Nxb5 33. a4 Nc7 34. Qxc6+ Kxc6 35. Rhc1 Kb6 36. g4 hxg4 37. hxg4 Nh4 38. Ng5 f6 39. exf6 Bxf6 40. Ne4 Be7 41. Kg3 Raf8 42. Rf1 g5 43. fxg5 Ng6 44. Nf4 Ne5 45. Rh1 Nd5 46. Rh6 Rxh6 47. gxh6 Nxf4 48. Bxf4 Nxd3 49. Bd2 Ne5 50. h7 Rh8 51. Rh1 Ng6 52. Bg5 Bxg5 53. Nxg5 Nf8 54. Kf4 Ng6+ 55. Ke4 Re8 56. Rh6 Nh8 57. Rxe6+ Rxe6+ 58. Nxe6 Kc6 59. Nf4 Nf7 60. Kf5 c4 61. bxc4 Kc5 62. Kf6 1-0

[Event "SRB-ch Central"]
[Site "Kragujevac"]
[Date "2015.03.09"]
[Round "1"]
[White "Antic, Dejan"]
[Black "Zivanovic, Nenad"]
[Result "1-0"]
[WhiteElo "2457"]
[BlackElo "2136"]
[PlyCount "89"]
[EventDate "2015.03.09"]
[EventType "swiss"]
[EventRounds "9"]
[EventCountry "SRB"]
[SourceTitle "CBM 165 Extra"]
[Source "ChessBase"]
[SourceDate "2015.04.21"]
[SourceVersion "1"]
[SourceVersionDate "2015.04.21"]
[SourceQuality "1"]

1. d4 Nf6 2. c4 e6 3. g3 d5 4. Nf3 Nbd7 5. Bg2 Be7 6. 0-0 0-0 7. Nc3 b6 8. Ne5 Bb7 9. Qa4 Nxe5 10. dxe5 Ne4 11. cxd5 Nxc3 12. bxc3 Bxd5 13. Rd1 Qe8 14. Qxe8 Rfxe8 15. Bxd5 exd5 16. Rxd5 Rad8 17. Rxd8 Rxd8 18. Be3 Rd5 19. f4 Bc5 20. Kf2 Kf8 21. c4 Bxe3+ 22. Kxe3 Ra5 23. a4 g6 24. Kd4 Ke7 25. Kc3 Ke6 26. Kb3 a6 27. Rd1 Rc5 28. e4 Rc6 29. Rd5 Ke7 30. h4 h5 31. Kc3 Ke8 32. Kd3 Ke7 33. f5 Ke8 34. Kd4 Ke7 35. Kc3 Ke8 36. Kb4 Ke7 37. a5 Ke8 38. c5 Ke7 39. Kb3 Ke8 40. cxb6 cxb6 41. Rd6 Rxd6 42. exd6 b5 43. fxg6 fxg6 44. Kc3 Kd7 45. e5 1-0

[Event "SRB-chT 1st League"]
[Site "Valjevo"]
[Date "2010.09.19"]
[Round "2"]
[White "Stankovic, Dragan"]
[Black "Zivanovic, Nenad"]
[Result "1/2-1/2"]
[WhiteElo "2287"]
[BlackElo "2187"]
[PlyCount "107"]
[EventDate "2010.09.18"]
[EventType "team"]
[EventRounds "11"]
[EventCountry "SRB"]
[SourceTitle "CBM 138 Extra"]
[Source "ChessBase"]
[SourceDate "2010.10.29"]
[SourceVersion "1"]
[SourceVersionDate "2010.10.29"]
[SourceQuality "1"]

1. g3 d5 2. Bg2 Nf6 3. Nf3 e6 4. 0-0 b6 5. b3 Be7 6. Bb2 Nbd7 7. d3 Bb7 8. Nbd2 c5 9. e4 d4 10. a4 Qc7 11. Nc4 0-0 12. Bc1 Rfe8 13. Nh4 Rad8 14. f4 a6 15. Bd2 Nf8 16. f5 exf5 17. Bf4 Qc6 18. Nxf5 Ng6 19. Bg5 h6 20. Bd2 Bf8 21. Rf2 Re6 22. e5 Nd5 23. Qh5 Rd7 24. Raf1 b5 25. axb5 axb5 26. Na5 Qc7 27. Nxb7 Qxb7 28. Bf4 Qc7 29. Bh3 Ngxf4 30. gxf4 Rg6+ 31. Ng3 Re7 32. e6 Ne3 33. exf7+ Kh7 34. Bf5 Nxf5 35. Qxf5 Rxf7 36. Qh3 Bd6 37. Rf3 Rxf4 38. Rxf4 Bxf4 39. Rf3 Qe5 40. Kf1 Bxg3 41. hxg3 Rg5 42. Kf2 Rg6 43. Qd7 Rf6 44. Rxf6 Qxf6+ 45. Kg2 Qe5 46. Qxb5 Qe2+ 47. Kh3 Qxc2 48. b4 cxb4 49. Qf5+ Kg8 50. Qe6+ Kf8 51. Qd6+ Kf7 52. Qd5+ Ke7 53. Qe5+ Kf7 54. Qd5+ 1/2-1/2

[Event "SRB-chT 1st League"]
[Site "Vrnjacka Banja"]
[Date "2009.09.24"]
[Round "9"]
[White "Pejcic, Milutin"]
[Black "Zivanovic, Nenad"]
[Result "1/2-1/2"]
[WhiteElo "2162"]
[BlackElo "2175"]
[PlyCount "62"]
[EventDate "2009.09.19"]
[EventType "team-swiss"]
[EventRounds "11"]
[EventCountry "YUG"]
[SourceTitle "CBM 132 Extra"]
[Source "ChessBase"]
[SourceDate "2009.11.03"]
[SourceVersion "1"]
[SourceVersionDate "2009.11.03"]
[SourceQuality "1"]

1. Nf3 Nf6 2. c4 e6 3. g3 d5 4. b3 Be7 5. Bg2 c5 6. cxd5 Nxd5 7. Bb2 0-0 8. 0-0 Nc6 9. Nc3 Nxc3 10. Bxc3 Qc7 11. Qc1 e5 12. Qb2 f6 13. Rfc1 Be6 14. d3 Qd7 15. a3 Rac8 16. Nd2 Nd4 17. Bxd4 cxd4 18. b4 b6 19. b5 Bd5 20. Bxd5+ Qxd5 21. a4 Rc5 22. Rxc5 Bxc5 23. Qa2 Qxa2 24. Rxa2 Bb4 25. Nc4 Rc8 26. a5 bxa5 27. Nxa5 Rc1+ 28. Kg2 Rb1 29. Nc6 Bc5 30. Nxa7 Bxa7 31. Rxa7 Rxb5 1/2-1/2

[Event "SRB-chT2 East"]
[Site "Golubac"]
[Date "2008.09.28"]
[Round "3.2"]
[White "Zivanovic, Nenad"]
[Black "Stojanovic, Dusan"]
[Result "1-0"]
[WhiteElo "2198"]
[BlackElo "2169"]
[PlyCount "53"]
[EventDate "2008.09.14"]
[EventType "team"]
[EventRounds "11"]
[EventCountry "SRB"]
[SourceTitle "EXT 2012"]
[Source "ChessBase"]
[SourceDate "2011.11.24"]
[SourceVersion "1"]
[SourceVersionDate "2011.11.24"]
[SourceQuality "1"]

1. e4 c5 2. Nc3 Nc6 3. g3 g6 4. Bg2 Bg7 5. d3 d6 6. f4 e6 7. Nf3 Nge7 8. 0-0 0-0 9. Be3 b6 10. Bf2 f5 11. Rb1 h6 12. Re1 d5 13. exd5 exd5 14. d4 c4 15. b4 cxb3 16. cxb3 Bb7 17. b4 Qd7 18. Qb3 Rad8 19. Ne5 Nxe5 20. dxe5 Kh7 21. Red1 g5 22. Rd4 gxf4 23. gxf4 Rg8 24. Rbd1 Qe6 25. Bg3 Qg6 26. Kf2 h5 27. Bf3 1-0

[Event "Belgrade Spring op"]
[Site "Belgrade"]
[Date "2008.03.26"]
[Round "2"]
[White "Savic, Mihajlo"]
[Black "Zivanovic, Nenad"]
[Result "1-0"]
[WhiteElo "2275"]
[BlackElo "2198"]
[PlyCount "65"]
[EventDate "2008.03.25"]
[EventType "swiss"]
[EventRounds "9"]
[EventCountry "YUG"]
[SourceTitle "CBM 123 Extra"]
[Source "ChessBase"]
[SourceDate "2008.05.06"]
[SourceVersion "1"]
[SourceVersionDate "2008.05.06"]
[SourceQuality "1"]

1. e4 c5 2. Nf3 Nc6 3. Bc4 Nf6 4. Nc3 d6 5. 0-0 e6 6. d3 Be7 7. Be3 0-0 8. Qd2 Ng4 9. Rfe1 Qc7 10. h3 Nxe3 11. Rxe3 Nd4 12. Rae1 h6 13. Ne2 Nxf3+ 14. Rxf3 Bg5 15. Qc3 a6 16. Rg3 b5 17. Bb3 e5 18. f4 b4 19. Qd2 Bh4 20. Rg4 Bxe1 21. Qxe1 Bxg4 22. hxg4 Qb6 23. Bc4 Rad8 24. Qh4 a5 25. Qe7 Kh7 26. Bxf7 c4+ 27. Kh2 cxd3 28. Ng3 d2 29. Nf5 Rxf7 30. Qxf7 Rg8 31. Nxh6 Kxh6 32. g5+ Kh7 33. Qh5# 1-0

[Event "Belgrade Trophy 20th"]
[Site "Belgrade"]
[Date "2007.11.24"]
[Round "3"]
[White "Vesovic, Nebojsa"]
[Black "Zivanovic, Nenad"]
[Result "1-0"]
[WhiteElo "2106"]
[BlackElo "2187"]
[PlyCount "55"]
[EventDate "2007.11.22"]
[EventType "swiss"]
[EventRounds "9"]
[EventCountry "YUG"]
[SourceTitle "CBM 121 Extra"]
[Source "ChessBase"]
[SourceDate "2008.01.10"]
[SourceVersion "1"]
[SourceVersionDate "2008.01.10"]
[SourceQuality "1"]

1. d4 Nf6 2. Nf3 e6 3. g3 d5 4. Bg2 Be7 5. 0-0 0-0 6. c4 dxc4 7. Nc3 Nbd7 8. Bg5 h6 9. Bxf6 Nxf6 10. Qa4 c5 11. dxc5 Bxc5 12. Qxc4 Qc7 13. Qb3 Rd8 14. Rac1 Qb6 15. Qc2 Qa6 16. Ne5 Bd7 17. Ne4 Nxe4 18. Qxe4 Rac8 19. Nxd7 Rxd7 20. b4 Rd4 21. Rxc5 Rxe4 22. Rxc8+ Kh7 23. Bxe4+ f5 24. Bb1 Qxe2 25. Rc3 Qb2 26. Re3 Qxb4 27. Rxe6 g6 28. Rd1 1-0

[Event "SRB-chT2 East"]
[Site "Serbia"]
[Date "2007.10.19"]
[Round "9.6"]
[White "Zivanovic, Nenad"]
[Black "Stankovic, Goran"]
[Result "1/2-1/2"]
[WhiteElo "2187"]
[BlackElo "2052"]
[PlyCount "20"]
[EventDate "2007.09.09"]
[EventType "team"]
[EventRounds "11"]
[EventCountry "SRB"]
[SourceTitle "EXT 2012"]
[Source "ChessBase"]
[SourceDate "2011.11.24"]
[SourceVersion "1"]
[SourceVersionDate "2011.11.24"]
[SourceQuality "1"]
[WhiteTeam "Branicevo"]
[BlackTeam "Leskovac Glubocica"]
[WhiteTeamCountry "SRB"]
[BlackTeamCountry "SRB"]

1. e4 c5 2. Nc3 Nc6 3. g3 g6 4. Bg2 Bg7 5. d3 d6 6. f4 e5 7. Nf3 Nge7 8. 0-0 0-0 9. h3 f5 10. Be3 Nd4 1/2-1/2

[Event "SRB-chT2 East"]
[Site "Serbia"]
[Date "2006.10.27"]
[Round "8.1"]
[White "Zivanovic, Nenad"]
[Black "Djukic, Nebojsa"]
[Result "0-1"]
[WhiteElo "2200"]
[BlackElo "2182"]
[PlyCount "88"]
[EventDate "2006.09.09"]
[EventType "team"]
[EventRounds "11"]
[EventCountry "SRB"]
[SourceTitle "EXT 2012"]
[Source "ChessBase"]
[SourceDate "2011.11.24"]
[SourceVersion "1"]
[SourceVersionDate "2011.11.24"]
[SourceQuality "1"]

1. e4 e6 2. Qe2 c5 3. g3 Nc6 4. Nf3 b6 5. Bg2 Bb7 6. 0-0 Qc7 7. c3 h5 8. Rd1 Be7 9. h4 Nf6 10. d3 d6 11. Bg5 g6 12. Nbd2 Ng4 13. Bxe7 Qxe7 14. d4 cxd4 15. cxd4 Rc8 16. Rac1 0-0 17. Nf1 Qf6 18. Rc3 Kg7 19. Qb5 e5 20. dxe5 Ncxe5 21. Qe2 Rxc3 22. bxc3 Rc8 23. Rc1 Nxf3+ 24. Qxf3 Qxf3 25. Bxf3 Ne5 26. Bg2 Nd3 27. Rd1 Rxc3 28. Ne3 Rc1 29. Rxc1 Nxc1 30. a3 Ne2+ 31. Kf1 Nc3 32. f3 Nb1 33. Nc2 Ba6+ 34. Kf2 Bd3 35. Nb4 Bb5 36. Ke3 Nxa3 37. Kd4 Kf8 38. f4 Ke7 39. e5 dxe5+ 40. fxe5 Bd7 41. Nd5+ Ke8 42. Nf4 Nb5+ 43. Kd5 Ke7 44. Kc4 Nc7 0-1

[Event "SRB-chT2 East"]
[Site "Serbia"]
[Date "2006.09.23"]
[Round "3.4"]
[White "Mihajlovic, Milena"]
[Black "Zivanovic, Nenad"]
[Result "1/2-1/2"]
[WhiteElo "2190"]
[BlackElo "2200"]
[PlyCount "92"]
[EventDate "2006.09.09"]
[EventType "team"]
[EventRounds "11"]
[EventCountry "SRB"]
[SourceTitle "EXT 2012"]
[Source "ChessBase"]
[SourceDate "2011.11.24"]
[SourceVersion "1"]
[SourceVersionDate "2011.11.24"]
[SourceQuality "1"]

1. d4 Nf6 2. c4 e6 3. Nf3 d5 4. Nc3 Be7 5. Bg5 Nbd7 6. cxd5 exd5 7. e3 0-0 8. Bd3 b6 9. 0-0 Bb7 10. Rc1 Re8 11. h3 a6 12. Bb1 Ne4 13. Bf4 Rc8 14. a3 Nf8 15. Ne5 Bd6 16. Ba2 Nxc3 17. Rxc3 Ne6 18. Bb1 Nxf4 19. exf4 Qf6 20. Rg3 Bxe5 21. fxe5 Qh4 22. Rg4 Qh6 23. Qf3 c5 24. Bf5 Rcd8 25. Qg3 g6 26. e6 Re7 27. exf7+ Kxf7 28. Bc2 Bc8 29. Rh4 Qg7 30. Qb3 Re6 31. dxc5 bxc5 32. Qb8 Kg8 33. Bd1 Qe7 34. g3 Re1 35. Qb3 Bf5 36. Bf3 c4 37. Qc3 Rxf1+ 38. Kxf1 Qe6 39. Kg2 Rd7 40. Qd4 Qd6 41. Rf4 Be6 42. h4 Qe7 43. h5 Qg7 44. Qb6 Bf7 45. Qxa6 Re7 46. Qd6 Qe5 1/2-1/2

[Event "Veliko Gradiste Silver Lake op"]
[Site "Veliko Gradiste"]
[Date "2006.08.01"]
[Round "4"]
[White "Zivanovic, Nenad"]
[Black "Andrejic, Vladica"]
[Result "0-1"]
[WhiteElo "2200"]
[BlackElo "2178"]
[PlyCount "122"]
[EventDate "2006.07.29"]
[EventType "swiss"]
[EventRounds "9"]
[EventCountry "SRB"]
[SourceTitle "EXT 2024"]
[Source "ChessBase"]
[SourceDate "2023.10.10"]
[SourceVersion "1"]
[SourceVersionDate "2023.10.10"]
[SourceQuality "1"]

1. e4 d5 2. exd5 Nf6 3. Bb5+ Bd7 4. Bc4 Bg4 5. f3 Bc8 6. Nc3 Nbd7 7. d4 Nb6 8. Bb3 Nbxd5 9. Nxd5 Nxd5 10. Ne2 g6 11. Nf4 c6 12. c3 Bg7 13. Nxd5 cxd5 14. Bf4 0-0 15. Qd2 a5 16. Ba4 Bd7 17. Bxd7 Qxd7 18. a4 b5 19. axb5 Qxb5 20. Qe2 Qb7 21. 0-0 a4 22. Ra3 Ra6 23. Rfa1 Rfa8 24. b4 e6 25. h4 Qb6 26. Kh2 R6a7 27. g4 Bf8 28. Kg2 f6 29. h5 g5 30. Bg3 Qa6 31. Qe3 Qc8 32. f4 Bh6 33. Kf3 Rc7 34. f5 Rc6 35. Qd3 exf5 36. gxf5 Bf8 37. Kg4 Ra7 38. Re1 Bd6 39. Bxd6 Rxd6 40. Qg3 Rc6 41. Re3 Kf8 42. Qf3 Qc7 43. Qg3 Qxg3+ 44. Kxg3 Rca6 45. Kf3 Ra8 46. h6 Kf7 47. Ke2 R6a7 48. Kd3 Re7 49. Rxe7+ Kxe7 50. c4 dxc4+ 51. Kxc4 Kd6 52. b5 g4 53. b6 Kc6 54. b7 Kxb7 55. Kd5 Ra6 56. Kc5 Ra5+ 57. Kb4 Rxf5 58. Rxa4 g3 59. Ra1 g2 60. Rg1 Rf2 61. Kc4 f5 0-1

[Event "Serbia-chT central"]
[Site "Golubac"]
[Date "2003.??.??"]
[Round "?"]
[White "Markovic, Milan"]
[Black "Zivanovic, Nenad"]
[Result "1-0"]
[WhiteElo "2307"]
[BlackElo "2194"]
[PlyCount "81"]
[EventDate "2003.09.27"]
[EventType "team"]
[EventRounds "11"]
[EventCountry "YUG"]
[SourceTitle "CBM 096 Extra"]
[Source "ChessBase"]
[SourceDate "2003.10.22"]
[SourceVersion "2"]
[SourceVersionDate "2003.10.20"]
[SourceQuality "1"]

1. e4 e5 2. Nf3 Nc6 3. Bb5 a6 4. Ba4 Nf6 5. d4 exd4 6. 0-0 Be7 7. Re1 b5 8. Bb3 d6 9. Bd5 Nxd5 10. exd5 Ne5 11. Nxd4 0-0 12. a4 Bd7 13. Nc3 b4 14. Nce2 Re8 15. Bd2 Rb8 16. b3 Bf6 17. Rc1 Qc8 18. Nf4 g6 19. h3 Bg7 20. Be3 Qb7 21. Qd2 c5 22. dxc6 Nxc6 23. Red1 Rbd8 24. Nde2 Be6 25. Nd5 Rd7 26. Nef4 Rb8 27. a5 Re8 28. Bb6 Qc8 29. Nc7 Rxc7 30. Bxc7 Qxc7 31. Qxd6 Qxd6 32. Rxd6 Nd4 33. Rd1 Nxc2 34. Rd8 Kf8 35. Nxe6+ fxe6 36. Rxe8+ Kxe8 37. Rd6 Nd4 38. Rxa6 Bf8 39. Ra8+ Kf7 40. a6 Bc5 41. Rc8 1-0